Bit flip attack - analysis of state of the art attacks with proposed countermeasures

Salvato in:
Dettagli Bibliografici
Autore principale: Benovič, Marek (Autore)
Altri autori: Hou, Xiaolu (Relatore della tesi)
Natura: Manoscritto Libro
Lingua:slovacco
inglese
Pubblicazione: 2024
Soggetti:
Accesso online:http://is.stuba.sk/zp/portal_zp.pl?podrobnosti=170103
Tags: Aggiungi Tag
Nessun Tag, puoi essere il primo ad aggiungerne!!

MARC

LEADER 00000ntm a22000003a 4500
001 stuzp100198
003 SK-STU
005 20240608213642.3
007 ta
008 150427s2015----xo-----f-mn---000-0-slo-d
040 |a STU  |b slo 
041 0 |a eng 
100 1 |a Benovič, Marek  |u 070400  |4 aut  |U FIIT Fakulta informatiky a informačných technológií  |T FIIT Ústav počítačového inžinierstva a aplikovanej informatiky  |X 91997  |U I400  |Y 672  |7 91997 
242 0 1 |a Bit flip útok - analýza najmodernejších útokov a návrh protiopatrení  |y slo 
245 1 0 |a Bit flip attack - analysis of state of the art attacks with proposed countermeasures 
260 |c 2024 
650 4 |a Bitflip útok  |2 slo 
650 4 |a Protiopatrenia  |2 slo 
650 4 |a Bezpečnosť  |2 slo 
650 4 |a Neurónové siete  |2 slo 
650 4 |a Neural networks  |2 eng 
650 4 |a Bitflip attack  |2 eng 
650 4 |a Security  |2 eng 
650 4 |a Countermeasures  |2 eng 
700 1 |a Hou, Xiaolu  |u 070400  |k Z2  |4 ths  |U FIIT Fakulta informatiky a informačných technológií  |T FIIT Ústav počítačového inžinierstva a aplikovanej informatiky  |X 114118  |U I400  |Y 672  |7 114118 
856 4 |u http://is.stuba.sk/zp/portal_zp.pl?podrobnosti=170103